| 000 | 00721cam a2200145 4500500 | ||
|---|---|---|---|
| 005 | 20260208010540.0 | ||
| 041 | _afre | ||
| 042 | _adc | ||
| 100 | 1 | 0 |
_aGabaude, Jean-Marc _eauthor |
| 245 | 0 | 0 | _aLinda M. Napolitano Valditara, « Prospettive » del gioire e del soffrire nell’etica di Platone, préface d’Enrico Berti, Edizioni Università di Trieste, 2001, coll. « Etica, linguaggio e dialettica in Platone e Aristotele », 184 p., 28 000 lires. |
| 260 | _c2005. | ||
| 500 | _a24 | ||
| 786 | 0 | _nRevue philosophique de la France et de l'étranger | 130 | 1 | 2005-03-01 | p. 77zd-130zd | 0035-3833 | |
| 856 | 4 | 1 | _uhttps://shs.cairn.info/revue-philosophique-2005-1-page-77zd?lang=fr&redirect-ssocas=7080 |
| 999 |
_c1657071 _d1657071 |
||